Представление документа в формате RUSMARC

ПолеНазваниеЗначение
  Тип записи a
  Библиографический уровень a
001 Контрольный номер RU/CBS_Ul/BASE/481566873
005 Дата корректировки 20240209175147.0
100 Данные общей обработки __
a Данные общей обработки 20150405d2015 ||| 0rusy0189 ca
101 Язык документа 0_
a Язык текста rus
102 Страна публикации __
a Страна публикации RU
105 Кодированные данные (монография) __
a Кодированные данные (монография) y###||||000|y
200 Заглавие и сведения об ответственности 1_
a Заглавие Налоги - 2015. Как платить меньше?
b Общее обозначение материала Текст
e Сведения, относящиеся к заглавию [с 2015 года увеличиваются ставки многих налогов]
f Первые сведения об ответственности Н. Смирнова
300 Общие примечания __
a Общие примечания Ограничения по возрасту - 16+
461 Уровень набора _0
1 2000
a Домашний Очаг мини
463 Уровень физической единицы _0
1 001RU/CBS_Ul/BASE/481562119
1 2000
a № 3
v С. 178-179
1 210
d 2015
606 Тематические рубрики 0_
a Основная рубрика Налоги - Российская Федерация
610 Ключевые слова 0_
a Ключевые слова налоги
a Ключевые слова налоги на имущество физических лиц
a Ключевые слова налоги с дивидентов
a Ключевые слова транспортные налоги
a Ключевые слова пенсионные страховые взносы
a Ключевые слова пошлины на интернет-торговлю
a Ключевые слова акцизы на сигареты
686 Индексы других классификаций __
a Классификационный индекс 67.402
2 Код системы ББК
700 Автор _1
a Фамилия Смирнова
b Имя (инициалы) Н.
801 Источник записи _0
a Страна RU
b Организация МБУК ЦБС г. Ульяновска
c Дата составления 20150405
g Правила каталогизации RCR
801 Источник записи _1
a Страна RU
b Организация МБУК ЦБС г. Ульяновска
c Дата составления 20150405
g Правила каталогизации RCR
901 Тип документа __
t Тип документа b
w Контрольный № источника RU/CBS_Ul/BASE/481562119
910 Корректоры записи __
a Корректор записи Библиотека 2
938 Служебная информация __
a Имя БД period